Name Every Current WWE Male Superstar - Statistics

General Stats
  • This quiz has been taken 19 times
  • The average score is 45 of 128
Answer Stats
Answer % Correct
John Cena
100%
Dominik Mysterio
94%
Jey Uso
94%
Jimmy Uso
94%
Rey Mysterio
94%
Roman Reigns
94%
AJ Styles
88%
Big E
88%
CM Punk
88%
Damian Priest
88%
Bron Breakker
88%
Randy Orton
88%
Sami Zayn
88%
Seth Rollins
88%
Finn Balor
81%
Kevin Owens
81%
Kofi Kingston
81%
Logan Paul
81%
Xavier Woods
81%
Booker T
75%
Cody Rhodes
75%
Gunther
75%
Sheamus
75%
The Miz
75%
Aleister Black
69%
Brock Lesnar
69%
LA Knight
69%
Solo Sikoa
69%
Austin Theory
63%
Bronson Reed
63%
Drew McIntyre
63%
Jacob Fatu
63%
Oba Femi
63%
Penta
63%
Chad Gable
56%
Lexi King
56%
Montez Ford
56%
Rusev
56%
Tama Tonga
56%
Otis
50%
Trick Williams
50%
Angelo Dawkins
44%
Carmelo Hayes
44%
Erick Rowan
44%
Ilja Dragunov
44%
JD McDonagh
44%
Johnny Gargano
44%
Ludwig Kaiser
44%
Omos
44%
Paul Heyman
44%
R-Truth
44%
Shinsuke Nakamura
44%
Tommaso Ciampa
44%
Brutus Creed
38%
Dragon Lee
38%
Erik
38%
Grayson Waller
38%
Ivar
38%
Julius Creed
38%
Tonga Loa
38%
Angel
31%
Axiom
31%
Je'Von Evans
31%
Michael Cole
31%
Triple H
31%
Alex Shelley
25%
Apollo Crews
25%
Chris Sabin
25%
Corey Graves
25%
El Grande Americano
25%
Ethan Page
25%
Pat McAfee
25%
Rey Fenix
25%
Adam Pearce
19%
Berto
19%
Joe Gacy
19%
Uncle Howdy
19%
Akira Tozawa
13%
Dexter Lumis
13%
JC Mateo
13%
Kit Wilson
13%
Nathan Frazer
13%
Nick Aldis
13%
Robert Roode
13%
Shane McMahon
13%
Titus O'Neil
13%
Wade Barrett
13%
Andre Chase
6%
Brooks Jensen
6%
Channing Lorenzo
6%
Cutler James
6%
Hank Walker
6%
Jasper Troy
6%
Joe Tessitore
6%
Josh Briggs
6%
Mr. Stone
6%
Noam Dar
6%
Shawn Spears
6%
Vic Joseph
6%
Blake Howard
0%
Bronco Nima
0%
Byron Saxton
0%
Charlie Dempsey
0%
Cruz Del Toro
0%
Dante Chen
0%
Dio Lennox
0%
Edris Enofe
0%
Elton Prince
0%
Joaquin Wilde
0%
Kale Dixon
0%
Luca Crusifino
0%
Lucien Price
0%
Malik Blade
0%
Mark Nash
0%
Mike Rome
0%
Myles Borne
0%
Niko Vance
0%
Osiris Griffin
0%
Pete Dunne
0%
Saquon Shugars
0%
Tank Ledger
0%
Tavion Heights
0%
Tont D'Angelo
0%
Tyler Bate
0%
Tyriek Igwe
0%
Tyson Dupont
0%
Uriah Connors
0%
William Regal
0%
No matching quizzes found
Score Distribution
Percent of People with Each Score
Percentile by Number Answered
Your Score History
You have not taken this quiz